000 00603nam a22001817a 4500
003 UA-OsUOA
001 17504
007 ta
008 20040310b un ||||| |||| 00| 0 ukr d
100 _aДолженко О.
942 _cSA
040 _aUA-OsUOA
_cUA-OsUOA
_dUA-OsUOA
245 _a"Гощанські ковбаси - сніданок , обід і вечеря"
_b[Про ЗАТ "Гощанський м'ясокомбінат"]
300 _aС.7
955 _a0
773 0 _w0
_tІмідж
_dРівне
_d2004
_g№1/Січ./
650 7 _aКраєзнавча робота
_2UDC
999 _c303672
_d303672